[Event "Penang op 11th"]
[Site "Penang"]
[Date "2019.12.12"]
[Round "6"]
[White "Lim, Kian Hwa"]
[Black "Heng, Cho Yaw"]
[Result "0-1"]
[WhiteElo "1718"]
[BlackElo "1479"]
[PlyCount "80"]
[EventDate "2019.12.09"]
[EventType "swiss"]
[EventRounds "9"]
[EventCountry "MAS"]
[SourceTitle "CBM 193 Extra"]
[Source "ChessBase"]
[SourceDate "2020.01.31"]
[SourceVersion "1"]
[SourceVersionDate "2020.01.31"]
[SourceQuality "1"]

1. e4 e5 2. Nf3 Nc6 3. Bb5 a6 4. Ba4 Nf6 5. d3 Bc5 6. c3 b5 7. Bb3 d6 8. 0-0 0-0 9. Re1 h6 10. Nbd2 Bb6 11. Nf1 Na5 12. Bc2 c5 13. Ng3 Nc6 14. h3 Be6 15. Nh4 d5 16. Nhf5 d4 17. Qf3 Kh8 18. Bd2 Ba5 19. Red1 dxc3 20. bxc3 b4 21. Ba4 Rc8 22. Bxc6 Rxc6 23. cxb4 Bxb4 24. Bxb4 cxb4 25. d4 Rc3 26. dxe5 Rxf3 27. Rxd8 Rxd8 28. gxf3 Nh7 29. f4 Rd2 30. Rc1 Rxa2 31. Nd4 Nf8 32. f5 b3 33. Kg2 b2 34. Rb1 Bc4 35. Kf3 Bd3 36. e6 fxe6 37. fxe6 Nxe6 38. Nxe6 Bxb1 39. Nf4 Bxe4+ 40. Nxe4 b1Q 0-1

[Event "Penang op 11th"]
[Site "Penang"]
[Date "2019.12.11"]
[Round "5"]
[White "Heng, Cho Yaw"]
[Black "Garv, Rai"]
[Result "0-1"]
[WhiteElo "1479"]
[BlackElo "1774"]
[PlyCount "55"]
[EventDate "2019.12.09"]
[EventType "swiss"]
[EventRounds "9"]
[EventCountry "MAS"]
[SourceTitle "CBM 193 Extra"]
[Source "ChessBase"]
[SourceDate "2020.01.31"]
[SourceVersion "1"]
[SourceVersionDate "2020.01.31"]
[SourceQuality "1"]

1. e4 d6 2. d4 Nf6 3. Nc3 Nbd7 4. Nf3 e5 5. Be2 Be7 6. 0-0 c6 7. h3 Qc7 8. a4 h6 9. Be3 a5 10. Qd2 g5 11. Rad1 Nf8 12. dxe5 dxe5 13. Bc4 Ng6 14. Ne1 Rg8 15. Nd3 g4 16. hxg4 Nxg4 17. Ne2 Nh4 18. Ng3 Nf6 19. Bxh6 Bh3 20. Ne1 Bxg2 21. Bd3 0-0-0 22. Qe2 Bxf1 23. Kxf1 Qd7 24. Nf3 Qh3+ 25. Ke1 Ng2+ 26. Kd2 Qxh6+ 27. Kc3 Nf4 28. Nxe5 0-1

[Event "Hong Kong Jolimark op"]
[Site "Hong Kong"]
[Date "2018.12.23"]
[Round "3"]
[White "Heng, Cho Yaw"]
[Black "Wong, Brian"]
[Result "0-1"]
[WhiteElo "1435"]
[BlackElo "2042"]
[PlyCount "64"]
[EventDate "2018.12.22"]
[EventType "swiss"]
[EventRounds "9"]
[EventCountry "HKG"]
[SourceTitle "CBM 188 Extra"]
[Source "ChessBase"]
[SourceDate "2019.02.26"]
[SourceVersion "1"]
[SourceVersionDate "2019.02.26"]
[SourceQuality "1"]

1. e4 c5 2. Ne2 Nc6 3. Nbc3 e5 4. Nd5 Nf6 5. Nec3 Be7 6. Bc4 b6 7. 0-0 Bb7 8. d3 0-0 9. f4 d6 10. f5 Na5 11. Qf3 a6 12. a4 Nxc4 13. dxc4 Bxd5 14. Nxd5 Nxd5 15. exd5 Bf6 16. Qg4 Qd7 17. Rf3 b5 18. Qh5 bxc4 19. Rh3 Rfb8 20. Qxh7+ Kf8 21. g4 e4 22. c3 Ke7 23. g5 Be5 24. f6+ gxf6 25. gxf6+ Kd8 26. Rh4 Kc7 27. Qxe4 Rg8+ 28. Kf2 Bxf6 29. Rf4 Qh3 30. Rxf6 Qxh2+ 31. Kf3 Rg3+ 32. Kf4 Qf2+ 0-1